000 00320nam a22001337a 4500
020 _a8120324528
082 _a001.42
_bPAN/RE
100 _aPaneerselvam R.
_91369
245 _aResearch Methodology
250 _a1st
260 _aNew Delhi
_bPrentice Hall of India Private Limited
_c2005
300 _a639
942 _cBBS
999 _c14751
_d14751